| 000 | 01791nam a2200241Ia 4500 | ||
|---|---|---|---|
| 008 | 260220t1982||||xx |||||||||||||| ||spa|| | ||
| 040 |
_aPY-SlUNAC _bspa _erda |
||
| 041 | _aspa | ||
| 082 |
_a510 _bV89i |
||
| 100 |
_aVon Lucken, José _eAutor |
||
| 245 | 0 |
_aIntroducción a la matemática / _cpor José Von Lucken [Autor] |
|
| 264 |
_aAsunción : _bCEPUC, _c℗1982. |
||
| 300 | _a1 volumen | ||
| 520 | _aEn "Introducción a la matemática", José Von Lucken ofrece un recorrido accesible y didáctico por los fundamentos matemáticos esenciales, dirigido tanto a estudiantes como a educadores. El autor aborda conceptos fundamentales, tales como números, operaciones aritméticas, geometría, álgebra y funciones, integrando ejemplos prácticos y problemas que fomentan la comprensión y el razonamiento lógico. La obra destaca la importancia de la matemática en la vida cotidiana y su aplicación en diversas disciplinas, buscando desmitificar su complejidad y resaltar su utilidad. Von Lucken utiliza un enfoque pedagógico que favorece la participación activa del lector, promoviendo un aprendizaje significativo a través de ejercicios y explicaciones claras. Además, el texto incluye recursos visuales que facilitan la asimilación de los conceptos presentados. En conjunto, "Introducción a la matemática" se erige como una herramienta valiosa para quienes desean fortalecer sus conocimientos matemáticos y desarrollar habilidades fundamentales en este ámbito, contribuyendo así a una formación integral. | ||
| 653 | _aEducación | ||
| 653 | _aMatemáticas | ||
| 653 | _aMétodos de enseñanza | ||
| 942 |
_b2026/02/17 _cBK |
||
| 999 |
_c7352 _d7352 |
||